000 00508nam a2200217Ia 4500
003 0100
008 130307s9999 xx 000 0 und d
040 _cARRUPELIB
050 _aBX2179.L9A215 1939
100 _aAmbruzzi, Aloysius
245 _aSpiritual exercises of Saint Ignatius
250 _a3rd ed.
260 _aLondon
260 _bGeo. E. J. Coldwell
260 _c1939
300 _ax
300 _b223p. 23cm.
650 _bJews--Antiquities
650 _cJews--History
942 0 0 _02
999 _c89039
_d89039